Complete Poletical of Thomas Chatterton (Record no. 270)

MARC details
000 -LEADER
fixed length control field 00410nam a2200145Ia 4500
008 - FIXED-LENGTH DATA ELEMENTS--GENERAL INFORMATION
fixed length control field 211109s9999||||xx |||||||||||||| ||und||
082 ## - DEWEY DECIMAL CLASSIFICATION NUMBER
Classification number 821
Item number ROB-C
100 ## - MAIN ENTRY--PERSONAL NAME
Personal name Roberts, Hentry
245 #0 - TITLE STATEMENT
Title Complete Poletical of Thomas Chatterton
260 ## - PUBLICATION, DISTRIBUTION, ETC.
Name of publisher, distributor, etc. George w Stewart
Place of publication, distribution, etc. New York
Date of publication, distribution, etc. 1906
300 ## - PHYSICAL DESCRIPTION
Extent xxxii
630 ## - SUBJECT ADDED ENTRY--UNIFORM TITLE
General subdivision Reference Reading Room
650 ## - SUBJECT ADDED ENTRY--TOPICAL TERM
Topical term or geographic name entry element English Litertaure
942 ## - ADDED ENTRY ELEMENTS (KOHA)
Koha item type BOOK
650 ## - SUBJECT ADDED ENTRY--TOPICAL TERM
Form subdivision English Poetry
General subdivision English
Holdings
Withdrawn status Lost status Damaged status Not for loan Home library Current library Date acquired Cost, normal purchase price Total Checkouts Full call number Barcode Shelving location Date last seen Price effective from Koha item type
        SB LIBRARY SB LIBRARY 09/11/2021 100.00   821 ROB-C 00000265 REFERENCE READING ROOM 09/11/2021 09/11/2021 BOOK

Powered by Koha